| 000 | 01244nam a2200313 u 4500 | ||
|---|---|---|---|
| 001 | 000047904 | ||
| 005 | 20200120222525.0 | ||
| 008 | 120322s2010 cau r 000 0 spa d | ||
| 020 | _a9584202189 | ||
| 041 | 0 | _aspa | |
| 043 | _as-ck--- | ||
| 082 | 0 | 4 |
_a070.44 _bA56 _221 |
| 245 | 1 | 0 |
_aAños de fuego : _bgrandes reportajes de la última década / _cedición y selección de textos : Juanita León y Carlos Uribe de los Ríos ; presentación : Alejandro Santos Rubino ; prólogo : Jon Lee Anderson. |
| 250 | _a2a .ed. | ||
| 260 |
_aBogotá : _bPlaneta _bSemana, _c2010. |
||
| 300 | _a236 p. | ||
| 500 | _aIncluye índice | ||
| 500 | _aEj.1 de Mosquera donado por la Biblioteca Nacional - PNLB 2012. | ||
| 650 | 1 | 7 |
_aViolencia _zColombia _vEnsayos, conferencias, etc. |
| 650 | 2 | 7 |
_aViolencia _zColombia _vReportajes |
| 651 | 7 |
_aPaz _zColombia _vEnsayos, conferencias, etc. |
|
| 650 | 2 | 7 |
_aConflicto armado _zColombia _vEnsayos, conferencias, etc. |
| 650 | 2 | 7 |
_aReportajes _zColombia _vEnsayos, conferencias, etc. |
| 650 | 2 | 7 |
_aPeriodistas _zColombia _vEnsayos, conferencias, etc. |
| 700 | 1 |
_aLeón, Juanita, _eed. |
|
| 700 | 1 |
_aUribe de los Ríos, Carlos, _eed. |
|
| 700 | 1 | _aSantos Rubino, Alejandro | |
| 700 | 1 |
_aAnderson, Jon Lee, _epról. |
|
| 999 |
_c3022 _d3022 |
||